Կրիտիկա : (Record no. 538930)
[ view plain ]
| 000 -LEADER | |
|---|---|
| fixed length control field | 01126nam a2200217 u 4500 |
| 001 - CONTROL NUMBER | |
| control field | 000272811 |
| 003 - CONTROL NUMBER IDENTIFIER | |
| control field | AM-YEHGA |
| 005 - DATE AND TIME OF LATEST TRANSACTION | |
| control field | 20260123094630.0 |
| 008 - FIXED-LENGTH DATA ELEMENTS--GENERAL INFORMATION | |
| fixed length control field | 031016s1940 ai r 000|0 arm d |
| 040 ## - CATALOGING SOURCE | |
| Original cataloging agency | AM-YEHGA |
| 041 0# - LANGUAGE CODE | |
| Language code of text/sound track or separate title | arm |
| 100 1# - MAIN ENTRY--PERSONAL NAME | |
| Personal name | Նալբանդյան, Միքայել Ղազարի, |
| Dates associated with a name | 1829-1866 |
| 9 (RLIN) | 1468 |
| 245 10 - TITLE STATEMENT | |
| Title | Կրիտիկա : |
| Remainder of title | Սոս յեվ Վարդիթեր : Ազգային վիպասանություն : Պ. Պռոշյանց, 1860. Թիֆլիս =Критика : Сос и Вардитер : Национальный роман Г. Перча Прошянца, 1860, Тифлис / |
| Statement of responsibility, etc. | Մ. Նալբանդյան ; Խմբ.՝ Հ. Մելիքյան. |
| 246 11 - VARYING FORM OF TITLE | |
| Title proper/short title | Сос и Вардитер : Национальный роман Г. Перча Прошянца, 1860, Тифлис |
| 260 ## - PUBLICATION, DISTRIBUTION, ETC. | |
| Place of publication, distribution, etc. | Յերևան : |
| Name of publisher, distributor, etc. | Արմֆան, |
| Date of publication, distribution, etc. | 1940. |
| 300 ## - PHYSICAL DESCRIPTION | |
| Extent | 139 էջ ; |
| Dimensions | 17 սմ. |
| 600 14 - SUBJECT ADDED ENTRY--PERSONAL NAME | |
| Personal name | Պռոշյան, Պերճ, |
| Dates associated with a name | 1837-1907 |
| 9 (RLIN) | 1588 |
| 650 14 - SUBJECT ADDED ENTRY--TOPICAL TERM | |
| Topical term or geographic name entry element | Հայ գրականագիտություն |
| 9 (RLIN) | 4862 |
| 700 1# - ADDED ENTRY--PERSONAL NAME | |
| Personal name | Մելիքյան, Հովիկ Մամիկոնի, |
| Dates associated with a name | 1902-1953 |
| Relator term | խմբ. |
| Relationship | edt |
| 9 (RLIN) | 1943 |
| 942 ## - ADDED ENTRY ELEMENTS (KOHA) | |
| Source of classification or shelving scheme | Universal Decimal Classification |
| Koha item type | Գրքեր / Books |
| Withdrawn status | Lost status | Damaged status | Not for loan | Collection | Home library | Current library | Date acquired | Total checkouts | Full call number | Barcode | Date last seen | Price effective from | Koha item type | Public note |
|---|---|---|---|---|---|---|---|---|---|---|---|---|---|---|
| Fundamental Scientific Library | Fundamental Scientific Library | 14/11/2025 | Ղար/971 | FL0699195 | 14/11/2025 | 04/12/2025 | Գրքեր / Books | ILL Non-Circ. |
ՀՀ Գիտությունների ազգային ակադեմիայի հիմնարար գիտական գրադարան = Fundamental Scientific Library of NAS RA
All site content, except where otherwise noted, is licensed under a